[Event "Australian-ch 2018"]
[Site "Sydney"]
[Date "2018.01.10"]
[Round "9.15"]
[White "McNamara, Gary"]
[Black "Winkelman, Albert"]
[Result "1/2-1/2"]
[WhiteElo "2134"]
[BlackElo "2017"]
[PlyCount "76"]
[EventDate "2018.01.02"]
[EventType "tourn"]
[EventCountry "AUS"]
[TimeControl "40/5400+30:1800+30"]

1. e4 e5 2. Nf3 Nc6 3. Nc3 Nf6 4. d4 exd4 5. Nxd4 Bb4 6. Nxc6 bxc6 7. Bd3 d5 8. exd5 cxd5 9. O-O O-O 10. h3 c6 11. Qf3 a5 12. Bg5 Bd6 13. Rad1 Re8 14. Ne2 Be5 15. b3 h6 16. Bf4 Qc7 17. c4 Bb7 18. Bxe5 Qxe5 19. Qg3 Qe7 20. Nd4 Ne4 21. Nf5 Nxg3 22. Nxe7+ Rxe7 23. fxg3 d4 24. c5 a4 25. b4 a3 26. Bc4 Ba6 27. Bxa6 Rxa6 28. Rxd4 Re2 29. Rc1 Rb2 30. Rd8+ Kh7 31. Rb8 Ra7 32. b5 Re7 33. b6 Ree2 34. Rc8 Rxg2+ 35. Kh1 Rh2+ 36. Kg1 Rbg2+ 37. Kf1 Rxa2 38. Kg1 Rag2+ 1/2-1/2

[Event "Australian-ch 2018"]
[Site "Sydney"]
[Date "2018.01.10"]
[Round "9.16"]
[White "Wright, Neil S"]
[Black "Willathgamuwa, Rowan"]
[Result "1/2-1/2"]
[WhiteElo "2126"]
[BlackElo "1980"]
[PlyCount "132"]
[EventDate "2018.01.02"]
[EventType "tourn"]
[EventCountry "AUS"]
[TimeControl "40/5400+30:1800+30"]

1. e4 c5 2. d4 cxd4 3. c3 dxc3 4. Nxc3 Nc6 5. Nf3 d6 6. Bc4 a6 7. O-O Nf6 8. Bf4 Bg4 9. h3 Bh5 10. Qb3 Qd7 11. Be2 e5 12. Bg5 Bxf3 13. Bxf3 Nd4 14. Qd1 Be7 15. Bxf6 Bxf6 16. Bg4 Ne6 17. Nd5 Bd8 18. a4 O-O 19. f4 exf4 20. Nxf4 Bg5 21. Nd5 Qd8 22. Ra3 b5 23. Raf3 Nc5 24. axb5 axb5 25. Qe2 Nd7 26. Rb3 Nf6 27. Rxb5 Rb8 28. Rf5 Rxb5 29. Nxf6+ Bxf6 30. Rxb5 Qa8 31. Qf1 Qxe4 32. Bf3 Qe3+ 33. Kh1 Rc8 34. Rd5 Rc1 35. Rd1 Rxd1 36. Bxd1 Bxb2 37. Qe2 Qxe2 38. Bxe2 f6 39. Bc4+ Kf8 40. g4 g6 41. Kg2 Kg7 42. Be6 h5 43. Kf3 Kh6 44. Ke4 Kg5 45. Bf7 f5+ 46. gxf5 gxf5+ 47. Kf3 h4 48. Bg8 Kf6 49. Bd5 Ke5 50. Bg8 Bc1 51. Bf7 Bf4 52. Bg8 d5 53. Bf7 Bg3 54. Bg8 f4 55. Bh7 Kd4 56. Ke2 Kc3 57. Bg6 d4 58. Bh7 Bh2 59. Bg6 Bg1 60. Bh7 d3+ 61. Bxd3 f3+ 62. Kxf3 Kxd3 63. Kg2 Bc5 64. Kh1 Ke3 65. Kg2 Kf4 66. Kh1 Kg3 1/2-1/2

[Event "Australian-ch 2018"]
[Site "Sydney"]
[Date "2018.01.11"]
[Round "10"]
[White "Cheng, Bobby"]
[Black "Kargosha, Bahman"]
[Result "1-0"]
[WhiteElo "2504"]
[BlackElo "2210"]
[Annotator "TA"]
[PlyCount "76"]
[EventDate "2018.01.02"]
[EventType "tourn"]
[EventCountry "AUS"]
[SourceTitle "playchess.com"]
[Source "ChessBase"]
[SourceQuality "1"]

{[%evp 15,76,9,37,27,54,54,54,50,59,48,55,48,64,49,49,49,50,46,54,39,31,36,31,29,49,53,45,6,23,13,52,62,53,0,25,23,77,79,96,100,95,69,77,74,100,116,221,221,806,814,814,798,815,797,794,763,1083,1075,29983,29984,29984,29985,5285]} 1. d4 Nf6 2. c4 e6 3. g3 d5 4. Bg2 Bb4+ 5. Nc3 c6 (5... O-O 6. a3 Bxc3+ 7. bxc3 c6 8. Nf3 b6 9. Bg5 Nbd7 10. Ne5 Qc7 11. Nxd7 Nxd7 12. Bf4 Qd8 13. cxd5 cxd5 {1-0 (41) Wei,Y (2727)-Zhao,J (2616) China 2017}) 6. Nf3 {E20: Nimzo-Indian: 4 g3 and 4 f3} O-O 7. O-O Nbd7 8. Qb3 Bd6 {LiveBook: 6 Games} 9. Rd1 dxc4 10. Qxc4 Qe7 11. Bg5 h6 12. Bxf6 Nxf6 13. e4 {[#] Black must now prevent e5.} e5 14. dxe5 Bxe5 15. Nxe5 Qxe5 {[#]} 16. f4 $146 ({Predecessor:} 16. Qd4) 16... Qa5 17. h3 Be6 18. Qe2 Rad8 19. Kh2 Rxd1 20. Rxd1 Rd8 21. Re1 Qc5 22. e5 {[%cal Be4e5,Be5e6][%mdl 32]} Bc4 (22... Ne8 {is more complex.} 23. a3 Bc4 24. Qc2 Qb6 25. b4 a5) 23. Qc2 $1 Ne8 24. f5 (24. Rd1 $14 Rxd1 25. Qxd1) 24... Qa5 25. e6 f6 (25... Nf6 $11) 26. Qf2 Bd3 27. g4 Rd6 28. a3 $36 {[%mdl 2048] White is more active.} Kf8 29. Kh1 Ke7 30. Qh4 {And now Qh5 would win.} Rd4 {[#]} (30... Qc7 $16 31. Qh5 Kd8 32. e7+ Kd7) 31. Qh5 $1 $18 {[%cal Rh5f7] aiming for Qf7+.} Qd8 $2 (31... Kd8 32. Qf7 Ba6) 32. Qf7+ Kd6 33. Qxb7 Qc7 34. Qa8 Ke7 35. Bxc6 Rd8 36. Nd5+ Rxd5 37. Qxe8+ Kd6 38. Bxd5 Kxd5 {Precision: White = 82%, Black = 30%.} 1-0

[Event "Australian-ch 2018"]
[Site "Sydney"]
[Date "2018.01.11"]
[Round "10"]
[White "Illingworth, Max"]
[Black "Lane, Gary W"]
[Result "1-0"]
[WhiteElo "2494"]
[BlackElo "2401"]
[Annotator "TA"]
[PlyCount "81"]
[EventDate "2018.01.02"]
[EventType "tourn"]
[EventCountry "AUS"]
[SourceTitle "playchess.com"]
[Source "ChessBase"]
[SourceQuality "1"]

{[%evp 20,81,39,59,89,89,114,107,114,118,138,59,52,51,142,72,66,76,64,68,90,44,82,91,87,38,41,32,36,35,38,24,97,91,96,100,121,115,120,117,113,120,275,254,232,232,304,296,491,468,695,695,684,675,617,577,547,496,29995,29996,29996,29997,29997,29998]} 1. d4 d5 2. c4 dxc4 3. e4 Nc6 4. Nf3 Bg4 5. d5 Ne5 6. Bf4 Ng6 {D20: Queen's Gambit Accepted: 3 e3 and 3 e4} 7. Be3 Nf6 8. Bxc4 Nxe4 9. h3 Bd7 10. O-O Nd6 11. Bb3 {LiveBook: 4 Games} e5 12. dxe6 $1 Bxe6 13. Bxe6 fxe6 {[#]} 14. Qb3 $1 Qd7 15. Nc3 (15. Ng5 $16) 15... Be7 $146 ({Predecessor:} 15... a5 16. a4 Be7 17. Nd4 e5 18. Ne6 Bd8 19. f4 exf4 20. Bxf4 {1-0 (20) Postny,E (2662)-Makolli,P (2261) Gjakova 2016}) 16. Nd4 O-O (16... c5 $1 $14 17. Nxe6 c4) 17. Qxe6+ (17. Nxe6 $142 Rf7 18. Rfd1) 17... Qxe6 $16 18. Nxe6 Rfc8 19. Nd5 Ne8 20. Rad1 Kf7 21. Nxe7 Kxe7 22. Ng5 {And now Rfe1 would win.} h6 $1 {[%cal Rh6g5]} 23. Bc5+ Kf6 $1 24. Ne4+ Kf7 25. Rd7+ Ke6 (25... Kg8 $11) 26. Rfd1 b6 27. Bb4 $36 {[%mdl 2048] Keeping Black busy.} a5 28. Bc3 Nf8 29. R7d3 Kf7 30. f4 {[%cal Bf2f4,Bf4f5][%mdl 32]} Nf6 $2 {[#]} (30... b5 $16 31. f5 b4) 31. Bxf6 $1 $18 gxf6 32. Rc3 Ke7 33. Rc6 Nd7 $2 (33... Rd8 {keeps fighting.}) 34. f5 {Re6+ is the strong threat.} Nc5 (34... Ne5 $142) 35. Nxc5 bxc5 {[%mdl 4096] Endgame KRR-KRR} 36. Re6+ Kf7 {and the idea ...Rd8 leaves Black hopeful.} 37. Rd7+ Kg8 38. Rxf6 {White threatens Rg6+ and mate.} Rab8 (38... Rd8 $18) 39. Rg6+ {White mates.} Kf8 40. Rxh6 {[%cal Rh6h8]} Ke8 41. Rg7 {Precision: White = 78%, Black = 35%.} 1-0

[Event "Australian-ch 2018"]
[Site "Sydney"]
[Date "2018.01.11"]
[Round "10"]
[White "Izzat, Kanan"]
[Black "Ly, Moulthun"]
[Result "1/2-1/2"]
[WhiteElo "2487"]
[BlackElo "2480"]
[Annotator "TA"]
[PlyCount "143"]
[EventDate "2018.01.02"]
[EventType "tourn"]
[EventCountry "AUS"]
[SourceTitle "playchess.com"]
[Source "ChessBase"]
[SourceQuality "1"]

{[%evp 13,143,0,11,-6,21,26,20,-45,48,37,46,-57,31,0,47,42,47,35,43,36,56,50,54,43,54,42,56,66,66,65,65,66,66,66,95,66,66,56,56,56,66,0,69,48,52,21,23,16,18,21,35,33,39,43,54,0,19,6,20,16,5,5,29,22,30,27,31,31,34,34,64,64,64,64,64,64,64,64,64,64,70,64,64,12,12,12,64,0,18,2,2,2,2,3,18,14,7,0,18,14,21,7,7,0,18,18,18,0,4,4,10,0,0,0,0,0,0,0,0,0,0,0,0,0,0,0,0,0,0,0,18,0]} 1. d4 Nf6 2. c4 e6 3. Nc3 Bb4 4. Qc2 d5 5. cxd5 Qxd5 6. Nf3 Qf5 7. Qb3 Nc6 {LiveBook: 91 Partien. E34: Nimzoindisch (4.Dc2)} 8. g3 (8. Bd2 O-O 9. h3 a5 10. g4 Qg6 11. a3 a4 12. Qc4 Bxc3 13. Bxc3 Nd5 14. Bd2 f6 15. Rc1 {½-½ (44) Kasparov,G (2812)-Karjakin,S (2773) Saint Louis 2017}) 8... a5 $146 ({Vorgänger:} 8... O-O 9. Bg2 e5 10. d5 Bxc3+ 11. bxc3 Na5 12. Qa4 b6 13. Nd2 Qh5 14. h3 Bd7 15. Qb4 {0-1 (32) Dreev,A (2630)-Bareev,E (2675) Elista 1998}) 9. Bg2 a4 {Weiß hat minimalen Vorteil.} 10. Qc4 (10. Qd1 $1 $11) 10... Qd5 (10... Nd5 $1 $15 11. O-O Na5) 11. Qd3 $14 Qf5 {[#]} 12. Qc4 (12. Ne5 $1 $14 {[%mdl 512]} Qxd3 (12... Nxe5 13. Qb5+) 13. Nxd3) 12... Qd5 ({Besser ist} 12... Nd5 $1 $15 13. O-O Na5) 13. Qd3 (13. Qxb4 $5 {[%cal Rc3d5]} Qxf3 14. Bxf3 Nxb4 15. Nb5 $14) 13... Qf5 $1 {[#]} 14. Ne5 $1 {[%mdl 512]} Qxd3 (14... Nxe5 15. Qb5+) 15. Nxd3 Ba5 16. e3 $1 Nb4 17. Nxb4 $1 Bxb4 18. Bd2 $36 {[%mdl 2048] Weiss steht aktiver.} c6 19. Ke2 Be7 20. b3 axb3 21. axb3 Rxa1 22. Rxa1 Nd5 23. Na4 Bd8 24. Nc5 O-O 25. Ra8 Be7 26. Ra7 Bd8 27. Ra8 (27. Nd3 $14) 27... Bc7 (27... Be7 $1 $11) 28. Bh3 Bd6 29. f4 Nc7 30. Ra1 Bxc5 31. dxc5 Nb5 32. Ba5 f6 33. Rd1 Kf7 34. Bg2 (34. Kf2 $14) 34... Ke7 35. Be4 g6 36. Bd3 e5 37. Kf3 {Schwarz muss nun Lxb5 beachten.} Re8 (37... Bd7 {seems wilder.} 38. Bb4 Nc7 39. Ra1 Be6 40. Ra7 Rb8) 38. fxe5 fxe5 39. Bxb5 cxb5 $11 {[%mdl 4096] Endspiel KTL-KTL} 40. Bc3 Rf8+ 41. Ke4 Bg4 42. Rd6 Bf3+ 43. Kd3 Bc6 44. Bxe5 Rf5 45. Kd4 Rf2 46. h4 Rd2+ 47. Kc3 Rd5 48. Bf6+ ({Günstiger ist} 48. Rxd5 $1 $14 Bxd5 49. b4) 48... Kf7 {Droht stark ...Txd6.} 49. Bd4 Ke7 (49... Rxd6 $11 50. cxd6 Ke6) 50. Bf6+ Kf7 {zielt auf ...Txd6 ab.Die Stellung ist ausgeglichen.} 51. Bg5 Rxc5+ 52. Kd4 Rc1 53. Rf6+ Ke8 54. Re6+ Kf8 $1 55. Rf6+ Ke8 56. e4 Rg1 57. Re6+ Kf8 58. Rf6+ Ke8 59. Rf3 Re1 60. Rf4 Rd1+ 61. Ke5 Rd3 62. Bh6 Rxg3 63. Rf8+ Ke7 64. Rh8 Rxb3 65. Rxh7+ Kd8 66. Bg5+ Kc8 67. Rh8+ Kc7 68. Bd8+ Kd7 {Droht ...Tb4 und aus.} 69. Bb6 {Und weiter mit Th7+ wäre nett.} Rf3 70. Rh7+ Ke8 $1 71. Bc5 {Und Ke6 würde nun gewinnen.} Rf7 72. Rxf7 {Precision: Weiß = 54%, Schwarz = 51%.} 1/2-1/2

[Event "Australian-ch 2018"]
[Site "Sydney"]
[Date "2018.01.11"]
[Round "10"]
[White "Morris, James"]
[Black "Asaka, Samuel"]
[Result "1-0"]
[WhiteElo "2477"]
[BlackElo "1959"]
[Annotator "TA"]
[PlyCount "87"]
[EventDate "2018.01.02"]
[EventType "tourn"]
[EventCountry "AUS"]
[SourceTitle "playchess.com"]
[Source "ChessBase"]
[SourceQuality "1"]

{[%evp 17,87,20,18,-7,13,4,21,22,28,18,30,0,-12,-79,-77,-77,-77,-66,-68,-77,-77,-76,-76,-77,-68,-76,-57,-59,-47,-64,-13,-16,0,-63,-56,-52,-61,-63,-58,-69,-19,-19,-24,-25,-17,-32,-22,-23,26,26,32,37,36,34,35,17,13,17,20,16,97,83,238,231,538,518,877,809,29989,29990,29992,29990]} 1. e4 c6 2. d4 d5 3. e5 Bf5 4. Nd2 e6 5. Nb3 Nd7 6. Nf3 Ne7 {B12: Caro-Kann: Advance Variation} 7. Be2 Nc8 8. O-O Be7 9. Be3 O-O {LiveBook: 29 Games} 10. Rc1 $146 ({Predecessor:} 10. a4 Ncb6 11. Bd3 Bg4 12. h3 Bh5 13. Nbd2 a5 {½-½ (69) Movsesian,S (2647)-Artemiev,V (2691) Riadh 2017}) 10... Ncb6 11. Qd2 Bg4 12. Na5 Qc7 13. b4 f6 {[%cal Rf6e5]} 14. exf6 (14. Ng5 {keeps more tension.} Bxe2 15. Nxe6 Qc8 16. Qxe2 Rf7 17. Bd2) 14... Nxf6 {[%cal Bd7f6,Bf6e4,Be4d2][%mdl 32]} 15. Bf4 (15. a3 $11) 15... Ne4 $17 16. Bxc7 Nxd2 17. Nxd2 Bxe2 18. Rfe1 Bxb4 19. Rxe2 {Threatens to win with Nab3.} Bxa5 20. Nb3 Bc3 21. Re3 Na4 22. Ba5 Bb2 23. Rce1 Ba3 (23... b6 $15 24. Bd2 c5 25. dxc5 Nxc5) 24. Nd2 $11 Bb2 25. Nf3 (25. Nb3 $1 $11) 25... b6 $15 26. Bd2 c5 {[%cal Bc6c5,Bc5d4][%mdl 32]} 27. Rxe6 cxd4 28. Re7 Nc5 29. Rb1 Ba3 30. Re5 Ne4 {Strongly threatening ...Rac8.} 31. Be1 Rac8 32. Nxd4 Nc3 33. Bxc3 Rxc3 34. Nb5 $36 {[%mdl 2048] White has the initiative.} Rxc2 35. Nxa3 Rxa2 36. Nb5 Rfxf2 37. Rg5 h6 38. Rg4 {Black must now prevent Nxa7!} Rfd2 (38... a5 $11 {remains equal.}) 39. h4 a6 $2 (39... h5 $16 40. Rg5 Ra4) 40. Nd6 $18 b5 $2 {[#]} (40... Rf2 41. Rxb6 Rfb2 42. Rxb2 Rxb2) 41. Rf1 $1 Ra4 {[#]} (41... Re2 $142 42. Nf5 b4 43. Rxg7+ Kh8) 42. Rg6 $1 Rxh4 43. Rf7 Kh8 44. Rfxg7 {Precision: White = 71%, Black = 35%.} 1-0

[Event "Australian-ch 2018"]
[Site "Sydney"]
[Date "2018.01.11"]
[Round "10"]
[White "Clarke, Brandon G I"]
[Black "Smirnov, Anton"]
[Result "0-1"]
[WhiteElo "2360"]
[BlackElo "2527"]
[Annotator "TA"]
[PlyCount "84"]
[EventDate "2018.01.02"]
[EventType "tourn"]
[EventCountry "AUS"]
[SourceTitle "playchess.com"]
[Source "ChessBase"]
[SourceQuality "1"]

{[%evp 27,84,10,14,12,33,30,41,-31,-28,-66,-57,-55,-52,-70,-55,-237,-235,-205,-223,-279,-277,-266,-264,-316,-325,-600,-572,-725,-638,-998,-980,-985,-934,-1992,-1997,-1265,-489,-527,-453,-385,-321,-1259,-1212,-1716,-1700,-1550,-1353,-29975,-29977,-29991,-6387,-5204,-5206,-2119,-1820,-29987,-29983,-29986,-29987]} 1. e4 c5 2. Nf3 d6 3. d4 cxd4 4. Nxd4 Nf6 5. Nc3 a6 6. Be3 e5 7. Nb3 Be6 8. f3 Nbd7 9. Qd2 h5 10. Nd5 {B90: Sicilian Najdorf: Unusual White 6th moves, 6 Be3 Ng4 and 6 Be3 e5} (10. O-O-O b5 11. Kb1 Be7 12. h4 O-O 13. Bg5 Rc8 14. a3 Qc7 15. g4 hxg4 16. fxg4 Nb6 17. Bxf6 Bxf6 18. g5 {½-½ (70) Yu,Y (2751)-Vachier Lagrave,M (2789) Riadh 2017}) 10... Bxd5 11. exd5 g6 12. Be2 Bg7 13. O-O O-O 14. c4 a5 {[%cal Ba6a5,Ba5a4][%mdl 32] [#] LiveBook: 3 Games} 15. Rae1 $146 ({Predecessor:} 15. Rac1 b6 16. Kh1 Nc5 17. Na1 Nfd7 {1-0 (62) Bernadskiy,V (2570)-Neverov,V (2484) Omelnyk 2017}) 15... Nh7 16. Kh1 f5 17. f4 (17. Bd3 $14) 17... a4 $15 18. Na1 Nhf6 19. Bf3 Ng4 20. Bxg4 hxg4 21. Qb4 $2 ({White should try} 21. fxe5 $15 Nxe5 22. b3) 21... exf4 $1 $19 22. Bxf4 Nc5 23. Re2 g5 24. Bc1 Qf6 25. Nc2 Qh6 26. Qa3 $2 (26. Kg1 f4 27. Qd2) 26... f4 27. Kg1 Rae8 28. Rd2 Ne4 29. Rd3 Qh4 30. Nd4 Bxd4+ 31. Rxd4 {[#]} Nc5 (31... Ng3 $142 $1 {[%mdl 512]} 32. Rdd1 (32. hxg3 fxg3) 32... Nxf1 33. Rxf1 g3) 32. Qc3 Re2 33. Rd2 Ne4 $1 {[%csl LRc3,LRd2] ( -> ...f3)} 34. Qd3 $2 (34. Qc2 g3 35. h3 Nxd2 36. Qg6+ Kh8 37. Bxd2 Rxd2 38. Qxd6) 34... Re3 ({Worse is} 34... Nxd2 35. Bxd2 Rxd2 36. Qxd2 $14) (34... Rxd2 $2 {loses.} 35. Qxe4 Rxg2+ 36. Qxg2 $18) 35. Qc2 f3 36. b4 Qh5 37. gxf3 gxf3 38. Rg2 fxg2 (38... f2+ $142 39. Kh1 Re1 40. Qd3 Qf3 41. Be3 Qxe3 42. h4 Qxd3 43. Kh2 Rxf1 44. h5 {[#]} Rh1+ $1 {[%mdl 512]} 45. Kxh1 Qh3+ 46. Rh2 f1=Q#) 39. Rxf8+ Kxf8 40. Bxe3 Qf3 {[%csl Gg2][%cal Rf3f1]} 41. Qd3 Nc3 42. h4 Ne2+ {Precision: White = 21%, Black = 76%.} 0-1

[Event "Australian-ch 2018"]
[Site "Sydney"]
[Date "2018.01.11"]
[Round "10"]
[White "Dale, Ari"]
[Black "Solomon, Stephen J"]
[Result "1-0"]
[WhiteElo "2356"]
[BlackElo "2365"]
[Annotator "ChessBase"]
[PlyCount "121"]
[EventDate "2018.01.02"]
[EventType "tourn"]
[EventCountry "AUS"]
[SourceTitle "playchess.com"]
[Source "ChessBase"]
[SourceQuality "1"]
[TimeControl "40/5400+30:1800+30"]

1. d4 {[%emt 0:00:00]} Nf6 {[%emt 0:00:08]} 2. c4 {[%emt 0:00:00]} e6 {[%emt 0:00:08]} 3. Nc3 {[%emt 0:00:00]} Bb4 {[%emt 0:00:15]} 4. e3 {[%emt 0:00:00]} O-O {[%emt 0:00:29]} 5. Nge2 {[%emt 0:01:27]} d5 {[%emt 0:00:20]} 6. a3 {[%emt 0:00:08]} Be7 {[%emt 0:00:12]} 7. cxd5 {[%emt 0:00:57]} exd5 {[%emt 0:00:10]} 8. b4 {[%emt 0:01:49]} c6 {[%emt 0:11:17]} 9. Ng3 {[%emt 0:01:16]} Re8 {[%emt 0:03:41]} 10. Bd3 {[%emt 0:01:19]} Nbd7 {[%emt 0:05:47]} 11. O-O {[%emt 0:05:08]} a5 {[%emt 0:09:32]} 12. b5 {[%emt 0:02:56]} c5 {[%emt 0:00:10]} 13. Nf5 {[%emt 0:09:28]} Bf8 {[%emt 0:03:14]} 14. Qf3 {[%emt 0:05:19]} g6 {[%emt 0:05:56]} 15. Ng3 {[%emt 0:13:28]} Bg7 {[%emt 0:02:22]} 16. Nxd5 {[%emt 0:06:46]} Nxd5 {[%emt 0:05:30]} 17. Qxd5 {[%emt 0:00:04]} cxd4 {[%emt 0:00:23]} 18. Bb2 {[%emt 0:12:24]} Ne5 {[%emt 0:15:28]} 19. Be4 {[%emt 0:09:31]} dxe3 {[%emt 0:14:47]} 20. fxe3 {[%emt 0:00:53]} Be6 {[%emt 0:07:47]} 21. Qxb7 {[%emt 0:03:56]} Rb8 {[%emt 0:00:51]} 22. Qa7 {[%emt 0:05:19]} Rxb5 {[%emt 0:01:58]} 23. Rad1 {[%emt 0:03:52]} Qb8 {[%emt 0:03:27]} 24. Qxb8 {[%emt 0:01:46]} Rexb8 {[%emt 0:00:11]} 25. Bd4 {[%emt 0:00:04]} h5 {[%emt 0:01:31]} 26. Rb1 {[%emt 0:02:37]} h4 {[%emt 0:03:42]} 27. Ne2 {[%emt 0:00:05]} Bc4 {[%emt 0:00:19]} 28. Nc3 {[%emt 0:00:31]} Bxf1 {[%emt 0:02:55]} 29. Nxb5 {[%emt 0:00:03]} Bxb5 {[%emt 0:01:08]} 30. a4 {[%emt 0:00:03]} Nc4 {[%emt 0:00:19]} 31. Bd3 {[%emt 0:04:47]} Re8 {[%emt 0:01:03]} 32. axb5 {[%emt 0:01:36]} Nxe3 {[%emt 0:00:12]} 33. Bxg7 {[%emt 0:00:11]} Kxg7 {[%emt 0:00:06]} 34. b6 {[%emt 0:00:04]} Kf6 {[%emt 0:01:15]} 35. Re1 {[%emt 0:02:26]} Rb8 {[%emt 0:00:30]} 36. Rxe3 {[%emt 0:00:05]} Rxb6 {[%emt 0:00:04]} 37. Bc4 {[%emt 0:01:13]} Rb7 {[%emt 0:00:41]} 38. Rf3+ {[%emt 0:00:50]} Kg7 {[%emt 0:00:23]} 39. Ra3 {[%emt 0:01:36]} Rc7 {[%emt 0:00:28]} 40. Be2 {[%emt 0:01:15]} Rc5 {[%emt 0:30:14]} 41. Kf2 {[%emt 0:32:39]} Kf6 {[%emt 0:00:00]} 42. Re3 {[%emt 0:00:00]} Kg5 {[%emt 0:00:00]} 43. Rb3 {[%emt 0:00:00]} Re5 {[%emt 0:00:00]} 44. Rb5 {[%emt 0:00:00]} Kf4 {[%emt 0:00:00]} 45. Rxe5 {[%emt 0:00:00]} Kxe5 {[%emt 0:00:00]} 46. Bb5 {[%emt 0:00:00]} f5 {[%emt 0:00:00]} 47. Ke3 {[%emt 0:00:00]} f4+ {[%emt 0:00:40]} 48. Kf3 {[%emt 0:00:00]} h3 {[%emt 0:00:04]} 49. g3 {[%emt 0:00:00]} g5 {[%emt 0:00:15]} 50. Bd7 {[%emt 0:00:00]} Kd6 {[%emt 0:01:03]} 51. Bxh3 {[%emt 0:00:00]} a4 {[%emt 0:01:14]} 52. Bf5 {[%emt 0:00:00]} a3 {[%emt 0:00:23]} 53. Bb1 {[%emt 0:00:00]} Ke5 {[%emt 0:02:06]} 54. Kg4 {[%emt 0:00:00]} Ke6 {[%emt 0:01:38]} 55. Ba2+ {[%emt 0:01:51]} Ke5 {[%emt 0:00:15]} 56. Kf3 {[%emt 0:01:11]} Kf6 {[%emt 0:00:39]} 57. Bb1 {[%emt 0:02:07]} Ke5 {[%emt 0:00:22]} 58. g4 {[%emt 0:02:01]} Ke6 {[%emt 0:00:44]} 59. h4 {[%emt 0:00:31]} Kf6 {[%emt 0:00:05]} 60. hxg5+ {[%emt 0:00:37]} Kxg5 {[%emt 0:00:07]} 61. Ba2 {[%emt 0:00:03]} 1-0

[Event "Australian-ch 2018"]
[Site "Sydney"]
[Date "2018.01.11"]
[Round "10"]
[White "Guichard, Pauline"]
[Black "Xie, George Wendi"]
[Result "1-0"]
[WhiteElo "2269"]
[BlackElo "2369"]
[Annotator "ChessBase"]
[PlyCount "77"]
[EventDate "2018.01.02"]
[EventType "tourn"]
[EventCountry "AUS"]
[SourceTitle "playchess.com"]
[Source "ChessBase"]
[SourceQuality "1"]
[TimeControl "40/5400+30:1800+30"]

1. d4 d5 2. Bf4 c5 3. e3 Nc6 4. Nf3 Nf6 5. Nbd2 Qb6 6. dxc5 Qxc5 7. c4 e6 8. Rc1 Qb6 9. Qb3 Qxb3 10. Nxb3 Bb4+ 11. Nfd2 e5 12. cxd5 {[%emt 0:23:32]} Nxd5 {[%emt 0:15:42]} 13. Bg3 {[%emt 0:00:16]} f6 {[%emt 0:03:55]} 14. a3 {[%emt 0:02:13]} Bxd2+ {[%emt 0:03:29]} 15. Nxd2 {[%emt 0:00:23]} Ke7 {[%emt 0:00:32]} 16. Bd3 {[%emt 0:11:48]} h5 {[%emt 0:03:23]} 17. h4 {[%emt 0:00:17]} Bg4 {[%emt 0:00:07]} 18. f3 {[%emt 0:07:00]} Be6 {[%emt 0:00:35]} 19. Ke2 {[%emt 0:00:06]} Rhd8 {[%emt 0:00:50]} 20. Bg6 {[%emt 0:05:17]} Bf7 {[%emt 0:00:10]} 21. Bxf7 {[%emt 0:02:03]} Kxf7 {[%emt 0:00:01]} 22. Nb3 {[%emt 0:00:22]} Rac8 {[%emt 0:02:42]} 23. Nc5 {[%emt 0:03:31]} Na5 {[%emt 0:01:57]} 24. Be1 {[%emt 0:02:57]} b6 {[%emt 0:02:13]} 25. Bxa5 {[%emt 0:00:56]} bxa5 {[%emt 0:00:03]} 26. Nb7 {[%emt 0:02:48]} Rd7 {[%emt 0:04:06]} 27. Rxc8 {[%emt 0:03:46]} Rxb7 {[%emt 0:00:03]} 28. Rd1 {[%emt 0:00:49]} Ne7 {[%emt 0:00:40]} 29. Rc2 {[%emt 0:00:29]} Nf5 {[%emt 0:00:04]} 30. Rd5 {[%emt 0:01:55]} Rb3 {[%emt 0:00:12]} 31. Rxa5 {[%emt 0:01:22]} Nxe3 {[%emt 0:00:03]} 32. Rxa7+ {[%emt 0:04:15]} Kg6 {[%emt 0:00:05]} 33. Rc3 Rxc3 {[%emt 0:00:22]} 34. bxc3 {[%emt 0:00:17]} Nxg2 {[%emt 0:00:02]} 35. a4 {[%emt 0:02:06]} Nxh4 {[%emt 0:00:05]} 36. a5 {[%emt 0:00:06]} Nf5 {[%emt 0:00:03]} 37. a6 {[%emt 0:00:09]} h4 {[%emt 0:00:02]} 38. Rd7 {[%emt 0:01:36]} h3 {[%emt 0:00:05]} 39. Kf2 {[%emt 0:00:45]} 1-0

[Event "Australian-ch 2018"]
[Site "Sydney"]
[Date "2018.01.11"]
[Round "10"]
[White "Nakauchi, Gene"]
[Black "Yang, Ray"]
[Result "1-0"]
[WhiteElo "2208"]
[BlackElo "2003"]
[Annotator "ChessBase"]
[PlyCount "71"]
[EventDate "2018.01.02"]
[EventType "tourn"]
[EventCountry "AUS"]
[SourceTitle "playchess.com"]
[Source "ChessBase"]
[SourceQuality "1"]
[TimeControl "40/5400+30:1800+30"]

1. d4 {[%emt 0:00:00]} Nf6 {[%emt 0:00:06]} 2. c4 {[%emt 0:00:00]} g6 {[%emt 0:00:06]} 3. g3 {[%emt 0:00:00]} c6 {[%emt 0:00:07]} 4. Bg2 {[%emt 0:02:38]} d5 {[%emt 0:00:08]} 5. cxd5 {[%emt 0:04:25]} cxd5 {[%emt 0:00:07]} 6. Nc3 {[%emt 0:00:21]} Bg7 {[%emt 0:00:21]} 7. Qb3 {[%emt 0:12:38]} Nc6 {[%emt 0:14:10]} 8. Be3 {[%emt 0:07:10]} Na5 {[%emt 0:04:50]} 9. Qb4 {[%emt 0:05:16]} O-O {[%emt 0:03:38]} 10. Bg5 {[%emt 0:06:29]} Nc6 {[%emt 0:02:30]} 11. Qc5 {[%emt 0:01:20]} Be6 {[%emt 0:11:01]} 12. Bxf6 {[%emt 0:03:49]} Bxf6 {[%emt 0:00:07]} 13. e3 {[%emt 0:00:42]} Rc8 {[%emt 0:00:25]} 14. Nxd5 {[%emt 0:01:35]} Bg7 {[%emt 0:05:00]} 15. Rc1 {[%emt 0:26:22]} Ne5 {[%emt 0:05:09]} 16. Qxc8 {[%emt 0:00:50]} Bxc8 {[%emt 0:01:09]} 17. Rxc8 {[%emt 0:00:08]} Qa5+ {[%emt 0:00:44]} 18. b4 {[%emt 0:08:36]} Nd3+ {[%emt 0:00:07]} 19. Ke2 {[%emt 0:00:34]} Nxb4 {[%emt 0:00:40]} 20. Rxf8+ {[%emt 0:00:42]} Kxf8 {[%emt 0:01:49]} 21. Nxb4 {[%emt 0:01:39]} Qxb4 {[%emt 0:00:09]} 22. f4 {[%emt 0:01:55]} Qc4+ {[%emt 0:00:29]} 23. Kf2 {[%emt 0:00:26]} Qxa2+ {[%emt 0:01:37]} 24. Ne2 {[%emt 0:00:04]} b5 {[%emt 0:00:42]} 25. Rc1 {[%emt 0:00:13]} Kg8 {[%emt 0:00:07]} 26. Rc8+ {[%emt 0:03:04]} Bf8 {[%emt 0:00:04]} 27. Rb8 {[%emt 0:00:21]} a6 {[%emt 0:00:09]} 28. Kf3 {[%emt 0:05:13]} e6 {[%emt 0:00:33]} 29. Nc3 {[%emt 0:00:17]} Qc4 {[%emt 0:00:55]} 30. Ne4 {[%emt 0:00:34]} Qc7 {[%emt 0:01:21]} 31. Nf6+ {[%emt 0:00:13]} Kh8 {[%emt 0:01:41]} 32. Rxf8+ {[%emt 0:00:06]} Kg7 {[%emt 0:00:05]} 33. Ne8+ {[%emt 0:00:06]} Kxf8 {[%emt 0:00:03]} 34. Nxc7 {[%emt 0:00:04]} b4 {[%emt 0:00:04]} 35. Nxa6 {[%emt 0:00:13]} b3 {[%emt 0:00:10]} 36. Ke2 {[%emt 0:00:05]} 1-0